000 00318nam a22001217a 4500
040 _cHS
082 _a630
100 _aជួង សុផល
245 _aផ្សព្វផ្សាយកសិកម្ម Agricultural extension
260 _aRUA
_bជួង​ សុផល
_c2009
300 _a65p;
942 _cKB
999 _c9191
_d9191